000 nam a22 a 4500
999 _c3873
_d3873
005 20170524114538.0
008 170524s2007 my ||||| |||| 00| 0 eng d
040 _aAKMAL
082 _a352.448595 RMC
090 _a352.448595
_bRMC
110 _aRoyal Malaysian Customs
_bHQ Public Relation Unit
_97651
245 1 0 _aImplementation of Royal Malaysian Customs I.C.T.R Development Action Plan Based on A Holistic Approach Year 2008 :
_bMoving Forward . Blue Ocean Strategy.
260 _aPutrajaya :
_bPublic Relation Unit, Royal Malaysian Customs Headquarters,
_c[2007]
300 _a56pages:
_bcol. ill.;
_c25cm
650 1 0 _aCustoms Administration
_xLaw and legislation
_96000
710 2 _aRoyal Malaysian Customs ,
_bHQ Public Relation Unit.
_97651
942 _2ddc
_cBOOK
950 _lAKMAL